Normal view
MARC view
- اعداد قسم حقوق الإنسان
Entry Personal Name
001 - CONTROL NUMBER
- control field: 64096
003 - CONTROL NUMBER IDENTIFIER
- control field: JO-AjAnu
005 - DATE AND TIME OF LATEST TRANSACTION
- control field: 20230606084446.0
008 - FIXED-LENGTH DATA ELEMENTS
- fixed length control field: 230606|| aca||aabn | a|a d
040 ## - CATALOGING SOURCE
- Original cataloging agency: JO-AjAnu
- Transcribing agency: JO-AjAnu
100 ## - HEADING--PERSONAL NAME
- Personal name: اعداد قسم حقوق الإنسان
670 ## - SOURCE DATA FOUND
- Source citation: Work cat.: (JO-AjAnu)32677: اعداد قسم حقوق الإنسان, author, تقرير لجنة التحقيق البريطانية والدور البريطاني في غزو العراق: وقائع الندوة التي اقامها قسم حقوق الانسان في هيئة علماء المسلمين في العراق 3 ذو الحجة 1437هـ = 5 ايلول 2016م